00788nam a22002177a 4500003000500000005001700005008004100022010000900063011000900072035000900081040000900090100001800099245009000117260008100207300001000288490007900298650004600377650004500423700002300468830007900491CHAP20220329133454.0971013s1992 r 00010 d a6758 a7730 a6954 cCHAP00aMend, Alex F. aManaging scientific information in a small island nationb: the Seychelles experience aThe Hague :bInternational Service for National Agricultural Research,c1992 a24 p. aInternational Service for National Agricultural Research. Study paperv; 514aAgriculturaxInvestigaciónxSeychelles.14aAgriculturaxServicios de información.0 aBallantyne, Peter.0 aInternational Service for National Agricultural Research. Study paperv; 5